| 000 | 00591nam a2200181Ia 4500 | ||
|---|---|---|---|
| 003 | GCL | ||
| 008 | 140319s9999 xx 000 0 ara d | ||
| 040 |
_aGCL / _cGCL |
||
| 082 | 0 | 4 |
_a219.1 _bم ق |
| 100 | 1 | _aمحمد رجب البيومى | |
| 245 | 1 | 0 |
_aقضايا اسلامية ومناقشات وردود / _cمحمد رجب البيومى |
| 260 |
_a[S.N] : _bدار الوفاء للطباعة والنشر والتوزيع ، _c1984 |
||
| 300 | _a243 ص | ||
| 490 | _a | ||
| 650 | 0 | 4 | _aالفكر الاسلامى |
| 650 | 0 | 4 | _aالقضاء فى الاسلام |
| 942 |
_2ddc _cBK |
||
| 999 |
_c53857 _d53857 |
||